000 00689nam a2200217Ii 4500
003 JO-AjNU
008 230606s9999||||xx |||||||||||||| ||und||
020 _a978-0-324-66444-7/ 0-324-66444-3
040 _aJO-AjNU
_beng
_erda
_cJO-AjNU
041 _aeng
050 1 4 _aHF5635.R44 2009
100 3 _aReeve,James M / Warren,Carl S / Duchac,Jonathan E,
_eauthor
_92312
245 0 0 _aPrinciples of Accounting
250 _a23th ed
264 3 1 _aAustralia: South- Western Cengage Learning,2009
300 _a1215p
_b Includes appendix indexes
336 _atext
_btxt
_2rdacontent
337 _aunmediated
_bn
_2rdamedia
338 _avolume
_bnc
_2rdacarrier
650 4 _aAccounting
_92313
999 _aE1209
_c1209
_d1209